00598nam a2200205Ia 4500003000400000005001700004006001800021007000300039008004100042037001700083040001800100041001300118082001800131100002300149245005900172260003900231300001300270490008700283650002200370OSt20220926034012.0a|||||r|||| 00| 0ta220923b |||||||| |||| 00| 0 eng d cGeneral Book aRTLcRTLbeng 2engaeng aZ73,81,N7, L3 aBickel Alexander M 0aCaseload of the Supreme Courtb And what, if anythi  aWashingtonbAEIPPR c1973 a37pccm. aAmerican Enterprise Institute for Public Policy Research, Domestic Affairs Studies aGreat Britain Law